[Event "Modelo CC U2000 3rd"]
[Site "Uruguay"]
[Date "2003.09.05"]
[Round "5"]
[White "Lechini, Francisco"]
[Black "Soto, Nicolas"]
[Result "0-1"]
[WhiteElo "1975"]
[BlackElo "1965"]
[PlyCount "91"]
[EventDate "2003.08.??"]
[EventType "swiss"]
[EventRounds "5"]
[EventCountry "URU"]
[SourceTitle "EXT 2005"]
[Source "ChessBase"]
[SourceDate "2004.11.15"]
[SourceVersion "1"]
[SourceVersionDate "2004.11.15"]
[SourceQuality "1"]

1. c4 Nf6 2. Nf3 e6 3. g3 d5 4. b3 Be7 5. Bg2 0-0 6. 0-0 c6 7. Bb2 Nbd7 8. e3 Qb6 9. Nc3 dxc4 10. d4 cxb3 11. axb3 Qc7 12. Qc2 Nd5 13. Rac1 Nxc3 14. Qxc3 Re8 15. Rfd1 a5 16. e4 Bb4 17. Qc2 Qd8 18. h4 Be7 19. d5 exd5 20. exd5 c5 21. d6 Bf6 22. Ba3 Ra6 23. Rd5 b6 24. Rcd1 Bb7 25. R5d2 Ra7 26. Bc1 h6 27. Kh2 Qa8 28. Ne1 Bxg2 29. Nxg2 a4 30. bxa4 Rxa4 31. Qb3 Rb4 32. Qc2 Rd4 33. Ne3 Qe4 34. Qxe4 Rexe4 35. Kg2 Re6 36. Nf5 b5 37. Nxd4 Bxd4 38. Rxd4 cxd4 39. Rxd4 Kf8 40. Rd5 Re5 41. Rd4 Rc5 42. Be3 Rc4 43. Rd5 b4 44. Rb5 f6 45. Kf3 Kf7 46. h5 0-1